000
00337 a2200157 4500
001
61008
020
_a
851603545X
040
_c
Anchieta - Pituba
100
_a
Carrasco, Walcyr
240
1
0
_a
O garoto da novela
_l
por
245
1
0
_a
O garoto da novela
300
_a
160
362
0
_a
2003
650
4
_a
Literatura juvenil
942
_c
BK
999
_c
61008
_d
61008